एक और अहल्या / (Record no. 115448)

MARC details
000 -LEADER
fixed length control field 00870nam a22002537a 4500
005 - DATE AND TIME OF LATEST TRANSACTION
control field 20170124103024.0
010 ## - LIBRARY OF CONGRESS CONTROL NUMBER
LC control number A-594490
020 ## - INTERNATIONAL STANDARD BOOK NUMBER
Terms of availability 70.00
035 ## - SYSTEM CONTROL NUMBER
System control number A-594490
037 ## - SOURCE OF ACQUISITION
Source of stock number/acquisition Cen Lib/Ret
040 ## - CATALOGING SOURCE
Original cataloging agency DPL
Language of cataloging HN
082 ## - DEWEY DECIMAL CLASSIFICATION NUMBER
Classification number
Item number यादव
100 ## - MAIN ENTRY--PERSONAL NAME
Personal name यादव, उषा
9 (RLIN) 61475
245 ## - TITLE STATEMENT
Title एक और अहल्या /
Statement of responsibility, etc उषा यादव
246 ## - VARYING FORM OF TITLE
Title proper/short title Ek or ahalya /
Remainder of title by Usha YAdav
260 ## - PUBLICATION, DISTRIBUTION, ETC. (IMPRINT)
Place of publication, distribution, etc लखनऊ
Name of publisher, distributor, etc सुलभ प्रकाशन
Date of publication, distribution, etc 1991
270 ## - ADDRESS
Address 17, अशोक मार्ग
City लखनऊ
300 ## - PHYSICAL DESCRIPTION
Extent 163पृ.
Dimensions 16सेमी(सजिल्द)
650 ## - SUBJECT ADDED ENTRY--TOPICAL TERM
Topical term or geographic name as entry element हिंदी साहित्य
9 (RLIN) 61476
650 ## - SUBJECT ADDED ENTRY--TOPICAL TERM
Topical term or geographic name as entry element हिंदी उपन्यास
9 (RLIN) 61477
650 ## - SUBJECT ADDED ENTRY--TOPICAL TERM
Topical term or geographic name as entry element Hindi literature
9 (RLIN) 61478
650 ## - SUBJECT ADDED ENTRY--TOPICAL TERM
Topical term or geographic name as entry element Hindi fiction
9 (RLIN) 27248
942 ## - ADDED ENTRY ELEMENTS (KOHA)
Source of classification or shelving scheme Dewey Decimal Classification
Koha item type Hindi Books
Classification part
Call number suffix यादव
Holdings
Withdrawn status Lost status Damaged status Not for loan Home library Current library Date acquired Source of acquisition Cost, normal purchase price Total Checkouts Full call number Barcode Date last seen Date checked out Copy number Cost, replacement price Price effective from Koha item type
        Central Library Central Library 20/08/2015 Cen Lib/Ref 70.00 1 उ यादव A-594490 26/03/2021 12/03/2021 1 70.00 20/08/2015 Hindi Books

© Delhi Public Library
Hit Counter
free hit counter